| 000 | 00479nam a2200157 i 4500 | ||
|---|---|---|---|
| 001 | 83060 | ||
| 003 | ES-MaACL | ||
| 005 | 20230906174755.0 | ||
| 007 | t| | ||
| 008 | 041115s1972 sp ||||1| spa d | ||
| 245 | 0 | 0 |
_aEstadística de ventas a plazos _b: año 1971 / _cInstituto Nacional de Estadística. |
| 260 |
_aMadrid : _b[s.n., _c1972] |
||
| 300 |
_a89 p. ; _c27 cm. |
||
| 710 | 2 |
_aInstituto Nacional de Estadística (España) _95162 |
|
| 852 |
_aES-MaACL _jC-52298 _bR.85797 |
||
| 999 |
_c83060 _d83060 |
||